000 00462pab a2200145 454500
008 180718b xxu||||| |||| 00| 0 eng d
100 _aRao, A. Muralidhar
245 _aEmployment generation through NREP for agricultural labour in India
650 _a Agricultural Labour
650 _a Telangana Region
650 _a National Rural Employment Programme
650 _aEmployment, Rural - India - Andhra Pradesh
773 _aAsian Economic Review
909 _a2612
999 _c2612
_d2612